| 000 | 00814aam a2200241 c 4500 | ||
|---|---|---|---|
| 005 | 20230810101900.0 | ||
| 008 | 200827s2019 nyua|||fr|||| 00| 0 eng d | ||
| 020 | _a97812653353228 | ||
| 040 |
_aCO-BoUCM _bspa _cDeissy Garcia _dDavid Moreno (modificó) |
||
| 041 | 0 | _aeng | |
| 100 | 1 |
_aPlummer, Charles C. _9100731 |
|
| 245 | 1 | 0 |
_aPhysical geology / _cCharles Plummer, Diane Carlson, Lisa Hammersley |
| 250 | _a17a.Ed. | ||
| 260 |
_bMcGrawHill _aNueva York _c2022 |
||
| 300 |
_a599 páginas _bilustraciones |
||
| 504 | _aIncluye referencias bibliográficas e índices | ||
| 650 | 1 | 7 |
_916364 _aGeología |
| 650 | 1 | 7 |
_916334 _aGeofísica |
| 700 | 1 |
_9100732 _aCarlson,Diane |
|
| 700 | 1 |
_9100733 _aHammersley, Lisa |
|
| 942 |
_cLIBRO _n0 _2DEWEY _a25 _e16 _h551 _mP735p |
||
| 999 |
_c317677 _d317677 |
||